| 000 | 00624nam a2200205Ia 4500 | ||
|---|---|---|---|
| 005 | 20250923145513.0 | ||
| 008 | 008 250917s9999 xx 000 0 eng d | ||
| 037 | _aTextual | ||
| 040 |
_aDSWL _beng _cDSWL |
||
| 041 |
_aeng _2eng |
||
| 084 |
_aV2:51(Y43).2'N33<-N19, N79 _qDSWL |
||
| 100 |
_aKumar, Shive _9836006 |
||
| 245 | 0 |
_aPeasantry and the Indian National movements 1919-1933 _c by Shive Kumar |
|
| 260 |
_aMeerut _bAnu Prakashan _c1979 |
||
| 300 | _a274p. | ||
| 365 |
_aINR _b60.7 |
||
| 925 | _g60.7 | ||
| 942 |
_cTEXL _hV2:51(Y43).2'N33<-N19, N79 |
||
| 999 |
_c1452160 _d1452160 |
||